000 01110nam a2200313 i 4500
003 EG-GICUC
005 20260428170226.0
008 260428s1868 be ||||f||||| 00| 0bfre d
040 _aEG-GiCUC
_bfre
_cEG-GiCUC
_dEG-GiCUC
_eRda
041 _afre
_hfre
082 0 4 _221
_a343.385
_bBR . P
092 0 4 _221
099 _aLaw1 10 343.385 BR . P 1968 1011558 C1
100 1 _aBriey, Claude De
_eAuteur
245 1 3 _aLa Participation Judiciaire A L'exécution Des Sentences Pénales /
_cPar Claude De Briey ; Préface De M. H. Bekaert,Bekaert H.
264 1 _aBrusellest :
_bMi Ferdinand Larcier,
_c1968.
300 _a215 pages ;
_c23 cm.
336 _2rda contenu
_a texte
337 _2rda medias
_aOrdinateur
338 _2 transporteur rda
_a Ressource en ligne
490 0 _aTravaux De La Faculte De Droit De Namur ;
_v1
504 _acomprend des références bibliographiques.
650 1 4 _aDroit pénal
650 1 4 _aDispositions pénales
700 1 _aBekaert, H.
_ePréfacier
856 4 0 _uhttps://fll.law.cu.edu.eg/fulltext/bks/B10-11558.pdf
905 _a164
942 _2ddc
_n0
_cBK
_e21
999 _c73936
_d73936